#HGGSP Histoire&Mémoire Notion - Statistiques

Statistiques générales
  • Ce quiz a été pris 535 fois
  • Le résultat moyen est 7 sur 15
Statistiques - réponses
Hint Réponse % Correct
Souvenir d'un événement passé, peut-être subjective, partiel ou pluriel Mémoire
93%
Ecriture et étude des faits du passé Histoire
90%
Ce crime rentre dans le cadre de l'organisation d'un plan englobant plusieurs catégories : génocide, déportation, esclaves, esclavages, enlèvement et torture. Ce crime rentre comme tel lorsqu'il sont commis systématiquement de manière massive. Ce crime est imprescriptible Crime contre l'humanité
82%
Littéralement "catastrophe" en hébreux. Cela désigne l'horreur subit par les juifs durant une partie du XXe siècle Shoah
82%
Ce crime se définit par le non-respect des règles de la guerre, cela peut se traduire par la maltraitance des soldats capturés, par la déportation vers des travaux forcés ou par la destruction de biens publics ou privés sans motif valable Crime de guerre
74%
Cette notion se définit par le rejet total de l'existence de la Shoah, tandis que des preuves flagrantes sont apportés négationnisme
74%
Obligation morale de se souvenir d'un événement tragique Devoir de mémoire
63%
Terme désignant que des poursuites judiciaires pourront toujours être engagé et qu'elles n'ont aucune limite dans le temps Imprescriptibilité
34%
Discipline étudiant les historiens, leur conception de l'histoire, leur méthode et leur production ainsi que les usages de l'histoire. historiographie
31%
Nostalgie de l'Algérie par ceux qui l'ont quittée à la suite de l'indépendance du pays en 1962 Nostalgérie
26%
Pratique visant à créer des zones géographiques ethniquement homogènes, par le déplacement forcé de populations Nettoyage/Epuration éthnique
13%
Débat opposant des groupes de mémoires cherchant une reconnaissance politique & sociale Conflit mémoriel
7%
Solution faisant autorité pour un problème de droit donné à la suite d'une ou plusieurs décisions de justice Jurisprudence
4%
Mise en récit publique d'un événement passé et son intégration à la mémoire collective Mémorialisation
4%
Ensemble de règle visant à limiter les effets des conflits armés pour des raisons humanitaires Droit international humanitaire
1%
Aucun quiz correspondant
Distribution des résultats
% des personnes avec chaque résultat
Percentile par nombre de réponses
Votre historique - résultats
Vous n’avez pas pris ce quiz